| 000 | 01582nam a22003137a 4500 | ||
|---|---|---|---|
| 003 | DO-SdBNP | ||
| 005 | 20231221082346.0 | ||
| 008 | 210426b 2018 dr 00| 0 spa d | ||
| 020 | _a9789945176087 | ||
| 040 |
_aBPMSU _bspa _cBPMSU |
||
| 082 | 4 |
_aRD863.5 _bS237u 2018 _222 |
|
| 092 | _a | ||
| 100 | 1 |
_a Santos, Dulce Elvira de los _d 1964- |
|
| 245 | 1 | 0 |
_aUna lección para todos / _cDulce Elvira de los Santos ; ilustración: Yatxel Sánchez ; investigación: Laura V. Sánchez-Vincitore ; coordinación pedagógica: Cledenin Veras / |
| 260 |
_aSanto Domingo: _bAgencia de los Estados Unidos para el Desarrollo Internacional (USAID) ; _bUniversidad Iberoamericana (UNIBE), _c2018 |
||
| 300 |
_a39 p. : _bils. ; _c21 cm. |
||
| 490 | 0 |
_aLa liga de la esperanza, _v4 |
|
| 500 | _3 | ||
| 505 | 0 | _aTipología textual -- Naracciones literarias | |
| 520 | _aWilkin ha tenido un sueño maravilloso y quiere contárselo a sus amigos de la Liga. Cuando intenta hacerlo, no le sale. Belkys, Yoel y Ashly llevan a Wilkin a casa de don Julian, el cuentista de Villa Esperanza. Con su ayuda, Wilkin transforma su sueño en un cuento maravilloso, en el que Wilkin es el caballero, Belkys la doncella y un chupacabras anda suelto. | ||
| 590 | _aInventariado, 2023/VM | ||
| 650 | 4 | _aCuentos infantil dominicanos | |
| 650 | 4 | _aLiteratura infantil dominicana | |
| 700 | 1 |
_3Sánchez, Yatxel _eilustraciones |
|
| 700 | 1 |
_3Sánchez-Vincitore, Laura V. _einvestigadora |
|
| 700 | 1 |
_3Veras, Cledenin _einvestigador pedagógico |
|
| 910 | _aVMateo V. Control de calidad. BPMSU | ||
| 942 |
_2ddc _cBK |
||
| 999 |
_c14520 _d14520 |
||